[Event "GER-chW Blitz 2019"]
[Site "Magdeburg"]
[Date "2019.05.25"]
[Round "7.8"]
[White "Ries, Jutta"]
[Black "Kreismann, Franziska"]
[Result "1-0"]
[WhiteElo "2017"]
[BlackElo "1589"]
[Annotator "NA"]
[PlyCount "23"]
[EventDate "2019.05.25"]
[EventType "tourn"]
[EventCountry "GER"]
[SourceTitle "playchess.com"]
[Source "ChessBase"]
[SourceQuality "1"]
[TimeControl "180+2"]

1. f4 {[%emt 0:00:00]} c6 {[%emt 0:00:01]} 2. Nf3 {[%emt 0:00:02]} d5 {[%emt 0:00:01]} 3. b3 {[%emt 0:00:01]} Bf5 {[%emt 0:00:02]} 4. Bb2 {[%emt 0:00:01]} Nf6 {[%emt 0:00:03]} 5. e3 {[%emt 0:00:01]} e6 {[%emt 0:00:08]} 6. Be2 {[%emt 0:00:04]} Bc5 {[%emt 0:00:12]} 7. O-O {[%emt 0:00:08]} O-O {[%emt 0:00:02]} 8. Nh4 {[%emt 0:00:35]} h5 {[%emt 0:00:28]} 9. Nxf5 {[%emt 0:00:03]} exf5 {[%emt 0:00:01]} 10. Bxh5 {[%emt 0:00:03]} Nxh5 {[%emt 0:00:02]} 11. Qxh5 {[%emt 0:00:02]} g6 {[%emt 0:00:48]} 12. Qh8# 1-0

[Event "GER-chW Blitz 2019"]
[Site "Magdeburg"]
[Date "2019.05.25"]
[Round "7.9"]
[White "Kushka, Alena"]
[Black "Kunze, Kerstin"]
[Result "1-0"]
[WhiteElo "2148"]
[BlackElo "2066"]
[Annotator "NA"]
[PlyCount "87"]
[EventDate "2019.05.25"]
[EventType "tourn"]
[EventCountry "GER"]
[SourceTitle "playchess.com"]
[Source "ChessBase"]
[SourceQuality "1"]
[TimeControl "180+2"]

1. d4 {[%emt 0:00:00]} Nf6 {[%emt 0:00:00]} 2. c4 {[%emt 0:00:00]} e6 {[%emt 0:00:00]} 3. Nc3 {[%emt 0:00:01]} Bb4 {[%emt 0:00:04]} 4. f3 {[%emt 0:00:01]} d5 {[%emt 0:00:04]} 5. a3 {[%emt 0:00:02]} Bxc3+ {[%emt 0:00:04]} 6. bxc3 {[%emt 0:00:01]} O-O {[%emt 0:00:01]} 7. cxd5 {[%emt 0:00:02]} exd5 {[%emt 0:00:01]} 8. e3 {[%emt 0:00:04]} c5 {[%emt 0:00:11]} 9. Bd3 {[%emt 0:00:03]} Qa5 {[%emt 0:00:18]} 10. Bd2 {[%emt 0:00:11]} Qc7 {[%emt 0:00:30]} 11. Ne2 {[%emt 0:00:04]} b6 {[%emt 0:00:29]} 12. O-O {[%emt 0:00:09]} Ba6 {[%emt 0:00:01]} 13. Bxa6 {[%emt 0:00:12]} Nxa6 {[%emt 0:00:00]} 14. Ng3 {[%emt 0:00:07]} g6 {[%emt 0:00:06]} 15. e4 {[%emt 0:00:13]} cxd4 {[%emt 0:00:26]} 16. cxd4 {[%emt 0:00:01]} Rac8 {[%emt 0:00:25]} 17. e5 {[%emt 0:00:12]} Ne8 {[%emt 0:00:01]} 18. Bh6 {[%emt 0:00:23]} Ng7 {[%emt 0:00:00]} 19. Rc1 {[%emt 0:00:06]} Qd7 {[%emt 0:00:04]} 20. Qd3 {[%emt 0:00:07]} Nb8 {[%emt 0:00:01]} 21. f4 {[%emt 0:00:07]} Nc6 {[%emt 0:00:16]} 22. f5 {[%emt 0:00:07]} Rfe8 {[%emt 0:00:06]} 23. Bxg7 Kxg7 {[%emt 0:00:01]} 24. f6+ {[%emt 0:00:27]} Kh8 {[%emt 0:00:02]} 25. Qe3 {[%emt 0:00:09]} Qg4 {[%emt 0:00:06]} 26. Rf4 {[%emt 0:00:14]} Qg5 {[%emt 0:00:01]} 27. h4 {[%emt 0:00:26]} Qh6 {[%emt 0:00:03]} 28. Qf2 {[%emt 0:00:08]} Na5 {[%emt 0:00:06]} 29. Rxc8 {[%emt 0:00:04]} Rxc8 {[%emt 0:00:01]} 30. h5 {[%emt 0:00:02]} Nc4 {[%emt 0:00:17]} 31. e6 {[%emt 0:00:07]} fxe6 {[%emt 0:00:04]} 32. f7 Rf8 33. hxg6 {[%emt 0:00:06]} hxg6 {[%emt 0:00:01]} 34. Ne2 {[%emt 0:00:06]} Nd6 {[%emt 0:00:01]} 35. Rh4 {[%emt 0:00:01]} Kg7 {[%emt 0:00:01]} 36. Rxh6 {[%emt 0:00:01]} Kxh6 {[%emt 0:00:01]} 37. Qf6 {[%emt 0:00:01]} Rxf7 {[%emt 0:00:01]} 38. Qh4+ {[%emt 0:00:01]} Kg7 {[%emt 0:00:01]} 39. Nf4 {[%emt 0:00:02]} Nf5 40. Nxe6+ {[%emt 0:00:01]} Kg8 {[%emt 0:00:03]} 41. Qd8+ {[%emt 0:00:02]} Kh7 {[%emt 0:00:01]} 42. Ng5+ {[%emt 0:00:01]} Kh6 {[%emt 0:00:01]} 43. Nxf7+ Kh5 44. Qg5# {[%emt 0:00:03]} 1-0

[Event "GER-chW Blitz 2019"]
[Site "Magdeburg"]
[Date "2019.05.25"]
[Round "7.10"]
[White "Schulze, Lara"]
[Black "Gheng, Simona"]
[Result "0-1"]
[WhiteElo "2160"]
[BlackElo "1991"]
[Annotator "NA"]
[PlyCount "97"]
[EventDate "2019.05.25"]
[EventType "tourn"]
[EventCountry "GER"]
[SourceTitle "playchess.com"]
[Source "ChessBase"]
[SourceQuality "1"]
[TimeControl "180+2"]

1. e4 {[%emt 0:00:00]} c5 {[%emt 0:00:00]} 2. Nf3 {[%emt 0:00:01]} d6 {[%emt 0:00:00]} 3. d4 {[%emt 0:00:00]} cxd4 {[%emt 0:00:00]} 4. Nxd4 {[%emt 0:00:01]} Nf6 {[%emt 0:00:01]} 5. Nc3 {[%emt 0:00:01]} g6 {[%emt 0:00:01]} 6. Be3 {[%emt 0:00:03]} Bg7 {[%emt 0:00:01]} 7. f3 {[%emt 0:00:00]} Nc6 {[%emt 0:00:01]} 8. Qd2 {[%emt 0:00:03]} O-O {[%emt 0:00:01]} 9. g4 {[%emt 0:00:01]} h5 {[%emt 0:00:22]} 10. gxh5 {[%emt 0:00:50]} Nxh5 {[%emt 0:00:01]} 11. O-O-O {[%emt 0:00:03]} Nxd4 {[%emt 0:00:28]} 12. Bxd4 {[%emt 0:00:01]} Bxd4 {[%emt 0:00:01]} 13. Qxd4 {[%emt 0:00:03]} Qa5 {[%emt 0:00:00]} 14. Kb1 {[%emt 0:00:14]} Qc5 {[%emt 0:00:11]} 15. Nd5 {[%emt 0:00:15]} e5 {[%emt 0:00:33]} 16. Ne7+ {[%emt 0:00:31]} Kg7 {[%emt 0:00:06]} 17. Qxd6 {[%emt 0:00:09]} Qxd6 {[%emt 0:00:01]} 18. Rxd6 {[%emt 0:00:01]} Be6 {[%emt 0:00:06]} 19. Nd5 {[%emt 0:00:04]} Rfd8 {[%emt 0:00:08]} 20. Rxd8 {[%emt 0:00:02]} Rxd8 {[%emt 0:00:01]} 21. c4 {[%emt 0:00:03]} b5 {[%emt 0:00:06]} 22. b3 {[%emt 0:00:09]} bxc4 {[%emt 0:00:01]} 23. Bxc4 {[%emt 0:00:01]} Bxd5 {[%emt 0:00:05]} 24. Bxd5 {[%emt 0:00:05]} Nf4 {[%emt 0:00:01]} 25. Rd1 {[%emt 0:00:12]} Rh8 {[%emt 0:00:01]} 26. Rd2 {[%emt 0:00:05]} Rh3 {[%emt 0:00:02]} 27. Bc4 {[%emt 0:00:11]} Rxf3 {[%emt 0:00:02]} 28. Rd7 {[%emt 0:00:01]} Nh5 {[%emt 0:00:00]} 29. Rxa7 {[%emt 0:00:02]} Rf2 {[%emt 0:00:19]} 30. a4 {[%emt 0:00:03]} Rxh2 {[%emt 0:00:13]} 31. Rxf7+ {[%emt 0:00:01]} Kh6 {[%emt 0:00:00]} 32. a5 {[%emt 0:00:01]} Rh1+ {[%emt 0:00:11]} 33. Kb2 {[%emt 0:00:01]} Rd1 {[%emt 0:00:02]} 34. a6 {[%emt 0:00:13]} Rd8 {[%emt 0:00:01]} 35. a7 {[%emt 0:00:15]} Nf4 {[%emt 0:00:04]} 36. Bb5 {[%emt 0:00:13]} g5 {[%emt 0:00:15]} 37. Bc6 {[%emt 0:00:01]} Kg6 {[%emt 0:00:01]} 38. Rc7 {[%emt 0:00:07]} g4 {[%emt 0:00:05]} 39. a8=Q {[%emt 0:00:03]} Rxa8 {[%emt 0:00:02]} 40. Bxa8 {[%emt 0:00:01]} g3 {[%emt 0:00:00]} 41. Rc8 {[%emt 0:00:05]} Kg7 {[%emt 0:00:02]} 42. Rc7+ {[%emt 0:00:05]} Kg6 {[%emt 0:00:01]} 43. Rc8 {[%emt 0:00:00]} Kg7 {[%emt 0:00:01]} 44. Rc1 {[%emt 0:00:01]} g2 {[%emt 0:00:01]} 45. Rg1 {[%emt 0:00:02]} Kh6 {[%emt 0:00:01]} 46. Kc3 {[%emt 0:00:02]} Ne2+ {[%emt 0:00:02]} 47. Kd2 {[%emt 0:00:02]} Nxg1 {[%emt 0:00:01]} 48. Ke3 {[%emt 0:00:01]} Nh3 {[%emt 0:00:02] Kf2 g1=Q+} 49. Ke2 {[%emt 0:00:00] Qa7 [%clk 0:00:52]} 0-1

[Event "GER-chW Blitz 2019"]
[Site "Magdeburg"]
[Date "2019.05.25"]
[Round "7.11"]
[White "Braje, Monika"]
[Black "Kopylov, Luba"]
[Result "1-0"]
[WhiteElo "1781"]
[BlackElo "2078"]
[Annotator "NA"]
[PlyCount "73"]
[EventDate "2019.05.25"]
[EventType "tourn"]
[EventCountry "GER"]
[SourceTitle "playchess.com"]
[Source "ChessBase"]
[SourceQuality "1"]
[TimeControl "180+2"]

1. e4 {[%emt 0:00:00]} c5 {[%emt 0:00:00]} 2. d4 {[%emt 0:00:02]} cxd4 {[%emt 0:00:01]} 3. c3 {[%emt 0:00:00]} d6 {[%emt 0:00:04]} 4. cxd4 {[%emt 0:00:02]} Nf6 {[%emt 0:00:01]} 5. Nc3 {[%emt 0:00:02]} g6 {[%emt 0:00:03]} 6. Nf3 {[%emt 0:00:02]} Bg7 {[%emt 0:00:02]} 7. Bc4 {[%emt 0:00:01]} O-O {[%emt 0:00:02]} 8. O-O {[%emt 0:00:03]} Bg4 {[%emt 0:00:02]} 9. h3 {[%emt 0:00:05]} Bxf3 {[%emt 0:00:03]} 10. Qxf3 {[%emt 0:00:02]} Nc6 {[%emt 0:00:01]} 11. Rd1 {[%emt 0:00:06]} Rc8 {[%emt 0:00:02]} 12. Bb3 {[%emt 0:00:04]} Qb6 {[%emt 0:00:02]} 13. Be3 {[%emt 0:00:09]} Na5 {[%emt 0:00:02]} 14. Na4 {[%emt 0:00:34]} Qb5 {[%emt 0:00:15]} 15. Nc3 {[%emt 0:00:02]} Qb4 {[%emt 0:00:05]} 16. e5 {[%emt 0:00:14]} Ne8 {[%emt 0:00:29]} 17. Nd5 {[%emt 0:00:03]} Nxb3 {[%emt 0:00:33]} 18. Nxb4 {[%emt 0:00:02]} Nxa1 {[%emt 0:00:02]} 19. Rxa1 {[%emt 0:00:01]} dxe5 {[%emt 0:00:01]} 20. dxe5 {[%emt 0:00:09]} Bxe5 {[%emt 0:00:01]} 21. Rb1 {[%emt 0:00:03]} Nd6 {[%emt 0:00:05]} 22. Nd5 {[%emt 0:00:01]} Nf5 {[%emt 0:00:06]} 23. Bd2 {[%emt 0:00:14]} Rc2 {[%emt 0:00:03]} 24. Bc3 {[%emt 0:00:05]} Nd4 {[%emt 0:00:21]} 25. Nxe7+ {[%emt 0:00:11]} Kg7 {[%emt 0:00:07]} 26. Bxd4 {[%emt 0:00:01]} Bxd4 {[%emt 0:00:01]} 27. Rf1 {[%emt 0:00:09]} Re8 {[%emt 0:00:05]} 28. Nd5 {[%emt 0:00:05]} Ree2 {[%emt 0:00:03]} 29. Ne3 {[%emt 0:00:08]} Rxb2 {[%emt 0:00:02]} 30. Qd5 {[%emt 0:00:04]} Bxe3 {[%emt 0:00:05]} 31. fxe3 {[%emt 0:00:03]} Red2 {[%emt 0:00:05]} 32. Qe5+ {[%emt 0:00:03]} Kh6 {[%emt 0:00:05]} 33. Qf4+ {[%emt 0:00:03]} g5 {[%emt 0:00:02]} 34. Qf6+ {[%emt 0:00:02]} Kh5 {[%emt 0:00:02]} 35. Qxf7+ {[%emt 0:00:02]} Kh4 {[%emt 0:00:01]} 36. Qxh7+ {[%emt 0:00:10]} Kg3 {[%emt 0:00:01]} 37. Rf3# {[%emt 0:00:05]} 1-0

[Event "GER-chW Blitz 2019"]
[Site "Magdeburg"]
[Date "2019.05.25"]
[Round "7.12"]
[White "Mader, Lena"]
[Black "Zimmer, Elke"]
[Result "1-0"]
[WhiteElo "1839"]
[BlackElo "1926"]
[Annotator "NA"]
[PlyCount "109"]
[EventDate "2019.05.25"]
[EventType "tourn"]
[EventCountry "GER"]
[SourceTitle "playchess.com"]
[Source "ChessBase"]
[SourceQuality "1"]
[TimeControl "180+2"]

1. c4 {[%emt 0:00:00]} e5 {[%emt 0:00:00]} 2. Nc3 {[%emt 0:00:00]} Nf6 {[%emt 0:00:00]} 3. Nf3 {[%emt 0:00:00]} Nc6 {[%emt 0:00:04]} 4. d4 {[%emt 0:00:01]} exd4 {[%emt 0:00:01]} 5. Nxd4 {[%emt 0:00:00]} Be7 {[%emt 0:00:10]} 6. g3 {[%emt 0:00:07]} O-O {[%emt 0:00:02]} 7. Bg2 {[%emt 0:00:01]} Nxd4 {[%emt 0:00:05]} 8. Qxd4 {[%emt 0:00:01]} d6 {[%emt 0:00:05]} 9. O-O {[%emt 0:00:03]} Rb8 {[%emt 0:00:04]} 10. b3 {[%emt 0:00:14]} c6 {[%emt 0:00:01]} 11. Bb2 {[%emt 0:00:02]} Qb6 {[%emt 0:00:08]} 12. Qxb6 {[%emt 0:00:15]} axb6 {[%emt 0:00:01]} 13. Na4 {[%emt 0:00:09]} Bd8 {[%emt 0:00:01]} 14. Rfd1 {[%emt 0:00:16]} Ne8 {[%emt 0:00:01]} 15. Bd4 {[%emt 0:00:15]} b5 {[%emt 0:00:04]} 16. cxb5 {[%emt 0:00:07]} cxb5 {[%emt 0:00:02]} 17. Nc3 {[%emt 0:00:06]} Bd7 {[%emt 0:00:07]} 18. Be3 {[%emt 0:00:13]} Bc6 {[%emt 0:00:06]} 19. Bf4 {[%emt 0:00:06]} Bxg2 {[%emt 0:00:03]} 20. Kxg2 {[%emt 0:00:01]} Rc8 {[%emt 0:00:02]} 21. Nxb5 {[%emt 0:00:09]} Rc2 {[%emt 0:00:03]} 22. Rd2 {[%emt 0:00:10]} Rxd2 {[%emt 0:00:05]} 23. Bxd2 {[%emt 0:00:00]} Bf6 {[%emt 0:00:01]} 24. Bc3 {[%emt 0:00:09]} Bxc3 25. Nxc3 {[%emt 0:00:01]} Nc7 {[%emt 0:00:08]} 26. e4 {[%emt 0:00:04]} Rc8 {[%emt 0:00:02]} 27. a4 {[%emt 0:00:13]} Kf8 {[%emt 0:00:04]} 28. b4 {[%emt 0:00:04]} Ke7 {[%emt 0:00:02]} 29. a5 {[%emt 0:00:13]} Na6 {[%emt 0:00:03]} 30. Nd5+ {[%emt 0:00:03]} Ke6 {[%emt 0:00:05]} 31. b5 {[%emt 0:00:06]} Nc5 {[%emt 0:00:02]} 32. a6 {[%emt 0:00:02]} bxa6 {[%emt 0:00:06]} 33. bxa6 {[%emt 0:00:01]} Nxe4 {[%emt 0:00:05]} 34. a7 {[%emt 0:00:07]} Rc2 {[%emt 0:00:23]} 35. a8=Q {[%emt 0:00:09]} Rxf2+ {[%emt 0:00:02]} 36. Kh3 {[%emt 0:00:01]} Ng5+ {[%emt 0:00:02]} 37. Kg4 {[%emt 0:00:08]} Ne4 {[%emt 0:00:24]} 38. Nf4+ {[%emt 0:00:04]} Kf6 {[%emt 0:00:03]} 39. Qd8+ {[%emt 0:00:05]} Ke5 {[%emt 0:00:06]} 40. Ra5+ {[%emt 0:00:03]} Kd4 {[%emt 0:00:02]} 41. Ra4+ {[%emt 0:00:10]} Ke3 {[%emt 0:00:02]} 42. Rxe4+ {[%emt 0:00:01]} Kxe4 {[%emt 0:00:01]} 43. Qxd6 {[%emt 0:00:03]} f5+ {[%emt 0:00:02]} 44. Kg5 {[%emt 0:00:05]} Rxh2 {[%emt 0:00:10]} 45. Qd5+ {[%emt 0:00:03]} Ke3 {[%emt 0:00:01]} 46. Qd3+ {[%emt 0:00:01]} Kf2 {[%emt 0:00:02]} 47. Kxf5 {[%emt 0:00:06]} g6+ {[%emt 0:00:02]} 48. Ke4 g5 {[%emt 0:00:11]} 49. Qf3+ {[%emt 0:00:03]} Kg1 {[%emt 0:00:03]} 50. Ne2+ {[%emt 0:00:04]} Rxe2+ {[%emt 0:00:02]} 51. Qxe2 {[%emt 0:00:01]} g4 {[%emt 0:00:02]} 52. Qxg4 {[%emt 0:00:02]} h5 {[%emt 0:00:01]} 53. Qxh5 {[%emt 0:00:01]} Kg2 {[%emt 0:00:00]} 54. g4 {[%emt 0:00:01]} Kg3 {[%emt 0:00:01]} 55. g5 {[%emt 0:00:01]} 1-0

[Event "GER-chW Blitz 2019"]
[Site "Magdeburg"]
[Date "2019.05.25"]
[Round "8.1"]
[White "Roesler, Hannah Clara Hed"]
[Black "Zimmer, Elke"]
[Result "0-1"]
[WhiteElo "1619"]
[BlackElo "1926"]
[Annotator "NA"]
[PlyCount "112"]
[EventDate "2019.05.25"]
[EventType "tourn"]
[EventCountry "GER"]
[SourceTitle "playchess.com"]
[Source "ChessBase"]
[SourceQuality "1"]
[TimeControl "180+2"]

1. e4 {[%emt 0:00:00]} e5 {[%emt 0:00:00]} 2. Nf3 {[%emt 0:00:00]} Nc6 {[%emt 0:00:00]} 3. Bc4 {[%emt 0:00:00]} Nf6 {[%emt 0:00:02]} 4. d4 {[%emt 0:00:01]} d6 {[%emt 0:00:10]} 5. dxe5 {[%emt 0:00:17]} Nxe4 {[%emt 0:00:06]} 6. Qd5 {[%emt 0:00:16]} Be6 {[%emt 0:00:13]} 7. Qxe4 {[%emt 0:00:12]} d5 {[%emt 0:00:01]} 8. Bxd5 {[%emt 0:00:23]} Qxd5 {[%emt 0:00:03]} 9. Nc3 {[%emt 0:00:12]} Qxe4+ {[%emt 0:00:01]} 10. Nxe4 {[%emt 0:00:02]} Bf5 {[%emt 0:00:23]} 11. Nfd2 {[%emt 0:00:28]} Nxe5 {[%emt 0:00:11]} 12. O-O {[%emt 0:00:20]} O-O-O {[%emt 0:00:02]} 13. b3 {[%emt 0:00:19]} Bb4 {[%emt 0:00:03]} 14. c3 {[%emt 0:00:09]} Ba5 {[%emt 0:00:09]} 15. Bb2 {[%emt 0:00:06]} Nd3 {[%emt 0:00:05]} 16. Ba3 {[%emt 0:00:07]} Rhe8 {[%emt 0:00:05]} 17. Ng3 {[%emt 0:00:03]} Bg6 {[%emt 0:00:03]} 18. Nc4 {[%emt 0:00:02]} Bxc3 {[%emt 0:00:05]} 19. Rad1 {[%emt 0:00:05]} Nf4 {[%emt 0:00:12]} 20. Bc1 {[%emt 0:00:12]} Rxd1 {[%emt 0:00:05]} 21. Rxd1 {[%emt 0:00:01]} Nd3 {[%emt 0:00:04]} 22. Rxd3 {[%emt 0:00:06]} Bxd3 {[%emt 0:00:02]} 23. h3 {[%emt 0:00:04]} Bxc4 {[%emt 0:00:01]} 24. bxc4 {[%emt 0:00:01]} Re1+ {[%emt 0:00:02]} 25. Kh2 {[%emt 0:00:01]} Rxc1 {[%emt 0:00:01]} 26. Ne4 {[%emt 0:00:02]} Be5+ {[%emt 0:00:02]} 27. g3 {[%emt 0:00:01]} Rxc4 {[%emt 0:00:02]} 28. Ng5 {[%emt 0:00:03]} f6 {[%emt 0:00:13]} 29. Nf3 {[%emt 0:00:03]} Rc2 {[%emt 0:00:01]} 30. Kg2 {[%emt 0:00:02]} Rxa2 {[%emt 0:00:01]} 31. Ne1 {[%emt 0:00:05]} Rd2 {[%emt 0:00:04]} 32. Kf3 {[%emt 0:00:04]} a5 {[%emt 0:00:01]} 33. Ke3 {[%emt 0:00:04]} Rd4 {[%emt 0:00:02]} 34. f4 {[%emt 0:00:05]} Rd1 {[%emt 0:00:04]} 35. Nd3 {[%emt 0:00:04]} Rxd3+ {[%emt 0:00:05]} 36. Kxd3 {[%emt 0:00:02]} Bd6 {[%emt 0:00:01]} 37. Kc4 {[%emt 0:00:02]} c6 {[%emt 0:00:02]} 38. Kb3 {[%emt 0:00:01]} b5 {[%emt 0:00:01]} 39. h4 {[%emt 0:00:03]} Kc7 {[%emt 0:00:01]} 40. Kc3 {[%emt 0:00:01]} Kb6 {[%emt 0:00:01]} 41. Kb3 {[%emt 0:00:01]} c5 {[%emt 0:00:02]} 42. Kc3 {[%emt 0:00:00]} a4 {[%emt 0:00:01]} 43. Kb2 {[%emt 0:00:01]} b4 {[%emt 0:00:01]} 44. Kc2 Kb5 45. Kb1 {[%emt 0:00:01]} a3 {[%emt 0:00:01]} 46. Ka2 {[%emt 0:00:01]} Ka4 {[%emt 0:00:01]} 47. Kb1 {[%emt 0:00:01]} c4 {[%emt 0:00:01]} 48. Kc2 {[%emt 0:00:01]} b3+ {[%emt 0:00:01]} 49. Kb1 {[%emt 0:00:00]} Bc5 {[%emt 0:00:01]} 50. Kc1 {[%emt 0:00:01]} a2 {[%emt 0:00:02]} 51. Kb2 {[%emt 0:00:02]} Bd4+ {[%emt 0:00:01]} 52. Kc1 {[%emt 0:00:01]} a1=Q+ {[%emt 0:00:03]} 53. Kd2 {[%emt 0:00:02]} Qc3+ {[%emt 0:00:02]} 54. Ke2 {[%emt 0:00:01]} Qe3+ {[%emt 0:00:03]} 55. Kd1 {[%emt 0:00:01]} Bc3 {[%emt 0:00:02]} 56. h5 {[%emt 0:00:04]} Qd2# {[%emt 0:00:01]} 0-1

[Event "GER-chW Blitz 2019"]
[Site "Magdeburg"]
[Date "2019.05.25"]
[Round "8.2"]
[White "Kopylov, Luba"]
[Black "Mader, Lena"]
[Result "1-0"]
[WhiteElo "2078"]
[BlackElo "1839"]
[Annotator "NA"]
[PlyCount "57"]
[EventDate "2019.05.25"]
[EventType "tourn"]
[EventCountry "GER"]
[SourceTitle "playchess.com"]
[Source "ChessBase"]
[SourceQuality "1"]
[TimeControl "180+2"]

1. d4 {[%emt 0:00:00]} Nf6 {[%emt 0:00:00]} 2. c4 {[%emt 0:00:01]} g6 {[%emt 0:00:00]} 3. Nc3 Bg7 4. e4 {[%emt 0:00:03]} d6 {[%emt 0:00:01]} 5. f3 {[%emt 0:00:01]} O-O {[%emt 0:00:01]} 6. Be3 {[%emt 0:00:01]} c5 {[%emt 0:00:18]} 7. Nge2 {[%emt 0:00:06]} cxd4 {[%emt 0:00:09]} 8. Nxd4 {[%emt 0:00:03]} Nc6 {[%emt 0:00:01]} 9. Qd2 {[%emt 0:00:12]} Re8 {[%emt 0:00:02]} 10. Nde2 {[%emt 0:00:07]} a6 {[%emt 0:00:19]} 11. g4 {[%emt 0:00:26]} Ne5 {[%emt 0:00:03]} 12. Nd4 {[%emt 0:00:04]} Nfd7 {[%emt 0:00:31]} 13. h4 {[%emt 0:00:15]} Nc6 {[%emt 0:00:18]} 14. Nxc6 {[%emt 0:00:26]} bxc6 {[%emt 0:00:01]} 15. h5 {[%emt 0:00:04]} Ne5 {[%emt 0:00:08]} 16. Be2 {[%emt 0:00:01]} a5 {[%emt 0:00:34]} 17. Bh6 {[%emt 0:00:19]} Bh8 {[%emt 0:00:20]} 18. f4 {[%emt 0:00:08]} Nxc4 {[%emt 0:00:10]} 19. Bxc4 {[%emt 0:00:04]} Bxg4 {[%emt 0:00:02]} 20. hxg6 {[%emt 0:00:05]} hxg6 21. Qh2 {[%emt 0:00:04]} Qb6 {[%emt 0:00:16]} 22. Bf8 {[%emt 0:00:23]} Qe3+ {[%emt 0:00:11]} 23. Ne2 {[%emt 0:00:02]} Bh5 {[%emt 0:00:02]} 24. Bh6 {[%emt 0:00:31]} Bxb2 {[%emt 0:00:01]} 25. Rb1 {[%emt 0:00:21]} Bc3+ {[%emt 0:00:02]} 26. Kf1 {[%emt 0:00:01]} Qf3+ {[%emt 0:00:08]} 27. Qf2 {[%emt 0:00:01]} Qg4 28. Rg1 Qh3+ 29. Qg2 1-0

[Event "GER-chW Blitz 2019"]
[Site "Magdeburg"]
[Date "2019.05.25"]
[Round "8.3"]
[White "Gheng, Simona"]
[Black "Braje, Monika"]
[Result "1-0"]
[WhiteElo "1991"]
[BlackElo "1781"]
[Annotator "NA"]
[PlyCount "155"]
[EventDate "2019.05.25"]
[EventType "tourn"]
[EventCountry "GER"]
[SourceTitle "playchess.com"]
[Source "ChessBase"]
[SourceQuality "1"]
[TimeControl "180+2"]

1. e4 {[%emt 0:00:00]} d5 {[%emt 0:00:00]} 2. exd5 {[%emt 0:00:01]} Nf6 {[%emt 0:00:00]} 3. d4 {[%emt 0:00:01]} Nxd5 {[%emt 0:00:00]} 4. Nf3 {[%emt 0:00:00]} g6 {[%emt 0:00:02]} 5. c3 {[%emt 0:00:01]} Bg7 {[%emt 0:00:01]} 6. Bd3 {[%emt 0:00:02]} O-O {[%emt 0:00:02]} 7. O-O {[%emt 0:00:02]} Nc6 {[%emt 0:00:03]} 8. h3 {[%emt 0:00:02]} e5 {[%emt 0:00:14]} 9. dxe5 {[%emt 0:00:11]} Nxe5 {[%emt 0:00:01]} 10. Nxe5 {[%emt 0:00:01]} Bxe5 {[%emt 0:00:01]} 11. Bh6 {[%emt 0:00:01]} Re8 {[%emt 0:00:01]} 12. Bc4 {[%emt 0:00:07]} c6 {[%emt 0:00:11]} 13. Qf3 {[%emt 0:00:07]} Be6 {[%emt 0:00:06]} 14. Nd2 {[%emt 0:00:12]} b5 {[%emt 0:00:02]} 15. Bb3 {[%emt 0:00:01]} a5 {[%emt 0:00:01]} 16. Rfe1 {[%emt 0:00:24]} Bh8 {[%emt 0:00:01]} 17. Ne4 {[%emt 0:00:10]} a4 {[%emt 0:00:02]} 18. Bg5 {[%emt 0:00:27]} f6 {[%emt 0:00:26]} 19. Bxd5 {[%emt 0:00:03]} Bxd5 {[%emt 0:00:16]} 20. Nxf6+ {[%emt 0:00:14]} Bxf6 {[%emt 0:00:07]} 21. Rxe8+ {[%emt 0:00:20]} Qxe8 {[%emt 0:00:01]} 22. Qxf6 {[%emt 0:00:02]} Qf7 {[%emt 0:00:11]} 23. Qd6 {[%emt 0:00:06]} Re8 {[%emt 0:00:05]} 24. Be3 {[%emt 0:00:11]} Re6 {[%emt 0:00:09]} 25. Qd8+ {[%emt 0:00:04]} Kg7 {[%emt 0:00:01]} 26. Qg5 {[%emt 0:00:04]} Re8 {[%emt 0:00:16]} 27. Qh6+ {[%emt 0:00:02]} Kg8 {[%emt 0:00:00]} 28. a3 {[%emt 0:00:02]} Qf8 {[%emt 0:00:08]} 29. Qg5 {[%emt 0:00:03]} Qe7 {[%emt 0:00:07]} 30. Qh6 {[%emt 0:00:03]} Qf8 {[%emt 0:00:01]} 31. Rd1 {[%emt 0:00:01]} Qg7 {[%emt 0:00:13]} 32. Qxg7+ {[%emt 0:00:05]} Kxg7 {[%emt 0:00:00]} 33. g3 {[%emt 0:00:06]} Kf6 {[%emt 0:00:01]} 34. Bd4+ {[%emt 0:00:01]} Ke6 {[%emt 0:00:01]} 35. Re1+ {[%emt 0:00:01]} Kd7 {[%emt 0:00:01]} 36. Rxe8 {[%emt 0:00:01]} Kxe8 {[%emt 0:00:01]} 37. f4 {[%emt 0:00:01]} Kf7 {[%emt 0:00:01]} 38. Kf2 {[%emt 0:00:00]} Ke6 {[%emt 0:00:01]} 39. Ke3 {[%emt 0:00:01]} h5 {[%emt 0:00:03]} 40. g4 {[%emt 0:00:01]} hxg4 {[%emt 0:00:02]} 41. hxg4 {[%emt 0:00:00]} Bb3 {[%emt 0:00:08]} 42. Be5 {[%emt 0:00:05]} Bc2 {[%emt 0:00:01]} 43. Kd4 {[%emt 0:00:01]} Bb3 {[%emt 0:00:11]} 44. Bg7 {[%emt 0:00:05]} Bd5 {[%emt 0:00:02]} 45. Kc5 {[%emt 0:00:05]} Be4 {[%emt 0:00:04]} 46. c4 bxc4 {[%emt 0:00:13]} 47. Kxc4 {[%emt 0:00:07]} Bd5+ {[%emt 0:00:04]} 48. Kc5 {[%emt 0:00:01]} Bf3 {[%emt 0:00:03]} 49. Kb4 {[%emt 0:00:02]} Bd1 {[%emt 0:00:03]} 50. g5 {[%emt 0:00:04]} Kd5 {[%emt 0:00:02]} 51. Be5 {[%emt 0:00:02]} Bc2 {[%emt 0:00:03]} 52. Kc3 {[%emt 0:00:05]} Bd1 {[%emt 0:00:04]} 53. Bc7 {[%emt 0:00:03]} Bb3 {[%emt 0:00:06]} 54. f5 {[%emt 0:00:03]} gxf5 {[%emt 0:00:01]} 55. g6 {[%emt 0:00:01]} Ke4 {[%emt 0:00:07]} 56. g7 {[%emt 0:00:02]} f4 {[%emt 0:00:02]} 57. Kb4 {[%emt 0:00:01]} f3 {[%emt 0:00:02]} 58. Bg3 {[%emt 0:00:05]} Ke3 {[%emt 0:00:01]} 59. g8=Q {[%emt 0:00:03]} Bxg8 {[%emt 0:00:02]} 60. Kxa4 {[%emt 0:00:01]} f2 {[%emt 0:00:02]} 61. Bxf2+ {[%emt 0:00:01]} Kxf2 {[%emt 0:00:00]} 62. Ka5 {[%emt 0:00:01]} c5 {[%emt 0:00:03]} 63. Kb5 {[%emt 0:00:00]} c4 {[%emt 0:00:01]} 64. a4 {[%emt 0:00:01]} Bd5 {[%emt 0:00:02]} 65. Kc5 {[%emt 0:00:03]} Ba8 {[%emt 0:00:01]} 66. Kxc4 {[%emt 0:00:00]} Ke3 67. Kc5 Kd3 {[%emt 0:00:01]} 68. b4 {[%emt 0:00:02]} Kc3 {[%emt 0:00:02]} 69. b5 {[%emt 0:00:00]} Kb3 {[%emt 0:00:02]} 70. a5 {[%emt 0:00:01]} Ka4 {[%emt 0:00:01]} 71. Kb6 {[%emt 0:00:00]} Be4 {[%emt 0:00:02]} 72. a6 {[%emt 0:00:01]} Bf3 {[%emt 0:00:02]} 73. a7 {[%emt 0:00:02]} Kb4 {[%emt 0:00:01]} 74. Ka6 {[%emt 0:00:01]} Kc5 {[%emt 0:00:04]} 75. b6 {[%emt 0:00:00]} Be2+ {[%emt 0:00:03]} 76. Kb7 {[%emt 0:00:03]} Kb5 {[%emt 0:00:05]} 77. Kc7 {[%emt 0:00:01]} Bf3 78. b7 1-0